[Event "Aragon-ch Seniors 50+"]
[Site "Zaragoza"]
[Date "2019.05.18"]
[Round "5"]
[White "Reguera Campillo, Moises"]
[Black "Sanchez Valles, Jose Maria"]
[Result "1-0"]
[WhiteElo "1521"]
[BlackElo "1651"]
[PlyCount "87"]
[EventDate "2019.04.27"]
[EventType "swiss"]
[EventRounds "8"]
[EventCountry "ESP"]
[SourceTitle "EXT 2020"]
[Source "ChessBase"]
[SourceDate "2019.10.17"]
[SourceVersion "1"]
[SourceVersionDate "2019.10.17"]
[SourceQuality "1"]

1. d4 Nf6 2. c4 e5 3. dxe5 Ng4 4. Bf4 Nc6 5. Nf3 Bb4+ 6. Nbd2 Qe7 7. e3 Ngxe5 8. Nxe5 Nxe5 9. Be2 g5 10. Bg3 h5 11. 0-0 h4 12. Bxe5 Qxe5 13. a3 Bd6 14. Nf3 Qf6 15. e4 Bf4 16. Qd4 Qxd4 17. Nxd4 b6 18. Rab1 Bb7 19. Bf3 0-0-0 20. Rfd1 Rhe8 21. g3 hxg3 22. hxg3 Be5 23. Bg2 d6 24. Bh3+ Kb8 25. Bf5 Rh8 26. Kg2 Rh5 27. Nf3 Bf6 28. Rh1 Rdh8 29. Rxh5 Rxh5 30. b4 a6 31. a4 Bc8 32. g4 Rh8 33. c5 dxc5 34. bxc5 Bxf5 35. exf5 Kb7 36. cxb6 cxb6 37. Nd2 Rc8 38. Ne4 Be7 39. f6 Bf8 40. Nxg5 Rc4 41. f3 Rxa4 42. Nxf7 a5 43. g5 Ra2+ 44. Kg3 1-0

[Event "Aragon-ch Seniors 50+"]
[Site "Zaragoza"]
[Date "2019.05.11"]
[Round "4"]
[White "Rodriguez Portillo, Jorge"]
[Black "Reguera Campillo, Moises"]
[Result "1-0"]
[WhiteElo "1725"]
[BlackElo "1521"]
[PlyCount "49"]
[EventDate "2019.04.27"]
[EventType "swiss"]
[EventRounds "8"]
[EventCountry "ESP"]
[SourceTitle "EXT 2020"]
[Source "ChessBase"]
[SourceDate "2019.10.17"]
[SourceVersion "1"]
[SourceVersionDate "2019.10.17"]
[SourceQuality "1"]

1. d4 Nf6 2. c4 g6 3. Nc3 d5 4. Nf3 Bg7 5. e3 0-0 6. Bd3 Bg4 7. Qb3 Bxf3 8. gxf3 dxc4 9. Bxc4 b6 10. Bd2 Nbd7 11. 0-0-0 e6 12. e4 c5 13. d5 exd5 14. Nxd5 Ne5 15. Bg5 Nxc4 16. Qxc4 Rb8 17. h4 b5 18. Qe2 Qa5 19. Nxf6+ Bxf6 20. Bxf6 Qxa2 21. Qe3 Qe6 22. e5 Qa2 23. Qh6 Qa1+ 24. Kc2 Qa4+ 25. Kb1 1-0

[Event "Aragon-ch Seniors 50+"]
[Site "Zaragoza"]
[Date "2019.05.01"]
[Round "2"]
[White "Ocabo Vera, Pedro Aristides"]
[Black "Reguera Campillo, Moises"]
[Result "1-0"]
[WhiteElo "1775"]
[BlackElo "1521"]
[PlyCount "71"]
[EventDate "2019.04.27"]
[EventType "swiss"]
[EventRounds "8"]
[EventCountry "ESP"]
[SourceTitle "EXT 2020"]
[Source "ChessBase"]
[SourceDate "2019.10.17"]
[SourceVersion "1"]
[SourceVersionDate "2019.10.17"]
[SourceQuality "1"]

1. d4 Nf6 2. Bf4 g6 3. e3 Bg7 4. Nf3 0-0 5. Be2 d6 6. h3 Nbd7 7. c4 c5 8. Nc3 Qa5 9. 0-0 cxd4 10. exd4 e5 11. Bh2 Nh5 12. Nd5 Re8 13. Re1 Nhf6 14. b4 Qd8 15. Nxf6+ Bxf6 16. Rc1 Qe7 17. d5 a6 18. Nd2 e4 19. Bf3 e3 20. Rxe3 Ne5 21. Bxe5 Bxe5 22. Be4 Bf4 23. Re2 Qg5 24. Nf3 Qh5 25. Bxg6 Qxg6 26. Rxe8+ Kg7 27. Qd4+ Qf6 28. Rce1 Qxd4 29. Nxd4 Be5 30. Nf3 Bf6 31. c5 a5 32. cxd6 b6 33. d7 Bb7 34. Rxa8 Bxa8 35. bxa5 Bxd5 36. axb6 1-0